00982nam a2200253 i 4500001000700000003000900007005001700016008003900033020001800072080001700090100004100107245006800148260005600216300002800272490003700300500001200337700003200349830004500381852009300426903003700519942002000556999001900576952013300595181963ES-MaACL20231019192418.0130509s1978 sp r |||| | glg a84-85134-93-1 a869.9-14"19"1 aBarros, Tomás (d1922-1986)92605110aAbraio / c[por] Tomás Barros ; limiar de Salvador Lorenzana. aSada, A. Coruña : bEdic. do Castro, cimp. 1978. a137 p., 2 h. ; c19 cm.1 aColección "Nordes" de Poesía aIndice.11aLorenzana, Salvador.9741340 aColección "Nordes" de Poesía9224782 aES-MaACLjA-126409188872bR.148890cDEPO1dOlim: N-5641xDonación: Araceli Barros Cao 9234352aBarros Cao, Araceliednr 2udccMONOGRAFIA c181963d181963 00102udc4070aATENEOMbATENEOMcDEPO1d2013-05-09eDONACIONl0oA-12640p1191223r2023-02-23 00:00:00w2023-02-23yMONOGRAFIA